[Event "RUS-ch Seniors"]
[Site "Odintsovo"]
[Date "2011.04.22"]
[Round "4"]
[White "Degtiarev, Viktor"]
[Black "Mosionzhik, Ilya Samoilovich"]
[Result "1/2-1/2"]
[WhiteElo "1913"]
[BlackElo "2128"]
[PlyCount "22"]
[EventDate "2011.04.19"]
[EventType "swiss"]
[EventRounds "9"]
[EventCountry "RUS"]
[SourceTitle "CBM 142 Extra"]
[Source "ChessBase"]
[SourceDate "2011.06.27"]
[SourceVersion "1"]
[SourceVersionDate "2011.06.27"]
[SourceQuality "1"]

1. e4 d5 2. exd5 Qxd5 3. Nc3 Qa5 4. d4 c6 5. Nf3 Bg4 6. Be2 Nf6 7. 0-0 e6 8. Ne5 Bxe2 9. Qxe2 Be7 10. Nc4 Qc7 11. Qe5 Qxe5 1/2-1/2

[Event "Moscow op-E"]
[Site "Moscow"]
[Date "2011.02.05"]
[Round "8.169"]
[White "Mosionzhik, Ilya Samoilovich"]
[Black "Rakaev, Rishat"]
[Result "0-1"]
[WhiteElo "2180"]
[BlackElo "1955"]
[PlyCount "122"]
[EventDate "2011.01.29"]
[EventType "swiss"]
[EventRounds "9"]
[EventCountry "RUS"]
[SourceTitle "EXT 2022"]
[Source "ChessBase"]
[SourceDate "2021.10.06"]
[SourceVersion "1"]
[SourceVersionDate "2021.10.06"]
[SourceQuality "1"]

1. e4 e6 2. f4 Nc6 3. Nf3 d5 4. e5 Nge7 5. d4 Ng6 6. c3 Be7 7. Bd3 a5 8. 0-0 Rb8 9. Ng5 b5 10. Qh5 Bxg5 11. fxg5 Nce7 12. Nd2 c5 13. Nf3 Qc7 14. Be3 c4 15. Bc2 b4 16. Nh4 0-0 17. Nxg6 hxg6 18. Qh4 bxc3 19. bxc3 Rb2 20. Qf2 a4 21. Bc1 Rb7 22. Bxa4 Qa5 23. Be8 Nf5 24. g4 Rxe8 25. gxf5 exf5 26. Qc2 Bd7 27. Bd2 Reb8 28. Rfb1 Ba4 29. Qc1 Bc6 30. Kf2 Qa7 31. h4 Bd7 32. Ke3 f4+ 33. Kxf4 Bf5 34. Rxb7 Qxb7 35. a4 Qd7 36. Kg3 Ra8 37. a5 Ra6 38. Be1 Qc7 39. Qa3 Be4 40. Qa2 f6 41. Kh2 fxe5 42. Bg3 Qf7 43. Qb2 exd4 44. cxd4 Qd7 45. Qd2 Bd3 46. Be5 Qf7 47. Qf4 Bf5 48. Bc7 Re6 49. Be5 Qb7 50. Rf1 c3 51. h5 Re8 52. h6 gxh6 53. gxh6 c2 54. Kg1 Qe7 55. a6 Ra8 56. Bd6 Qe4 57. Qg5 Qxd4+ 58. Kh2 Qg4 59. Qf6 Qh5+ 60. Kg1 Qxh6 61. Ba3 Qe3+ 0-1

[Event "Moscow op-E"]
[Site "Moscow"]
[Date "2011.02.02"]
[Round "5.8"]
[White "Mosionzhik, Ilya Samoilovich"]
[Black "Dugin, Andrey"]
[Result "1-0"]
[WhiteElo "2180"]
[BlackElo "1728"]
[PlyCount "55"]
[EventDate "2011.01.29"]
[EventType "swiss"]
[EventRounds "9"]
[EventCountry "RUS"]
[SourceTitle "EXT 2022"]
[Source "ChessBase"]
[SourceDate "2021.10.06"]
[SourceVersion "1"]
[SourceVersionDate "2021.10.06"]
[SourceQuality "1"]

1. e4 d5 2. exd5 Qxd5 3. Nc3 Qa5 4. d4 Nf6 5. Nf3 c6 6. Bd3 e6 7. 0-0 Bd6 8. Bd2 Qc7 9. Ne4 Nxe4 10. Bxe4 Nd7 11. h3 0-0 12. c4 Nf6 13. Bb1 c5 14. Qc2 cxd4 15. Bg5 Re8 16. Bxf6 gxf6 17. Qxh7+ Kf8 18. Bd3 Qb6 19. Rad1 Ke7 20. Nh4 e5 21. Ng6+ Kd8 22. Qxf7 f5 23. Bxf5 Bxf5 24. Qxf5 Qxb2 25. c5 Bxc5 26. Nxe5 Re7 27. Qf8+ Re8 28. Qxc5 1-0

[Event "Moscow op-E"]
[Site "Moscow"]
[Date "2011.01.29"]
[Round "1.201"]
[White "Mazurov, Arslan"]
[Black "Mosionzhik, Ilya Samoilovich"]
[Result "1/2-1/2"]
[WhiteElo "1758"]
[BlackElo "2180"]
[PlyCount "126"]
[EventDate "2011.01.29"]
[EventType "swiss"]
[EventRounds "9"]
[EventCountry "RUS"]
[SourceTitle "EXT 2022"]
[Source "ChessBase"]
[SourceDate "2021.10.06"]
[SourceVersion "1"]
[SourceVersionDate "2021.10.06"]
[SourceQuality "1"]

1. e4 e5 2. Nf3 d6 3. d4 exd4 4. Nxd4 Nf6 5. Nc3 Be7 6. Bc4 0-0 7. 0-0 Bd7 8. Re1 Nc6 9. Be3 Re8 10. f3 h6 11. Qd2 Bf8 12. Rad1 Ne5 13. Bf1 a6 14. Qf2 b5 15. Nd5 c5 16. Nb3 Nxd5 17. exd5 Qf6 18. c3 Bf5 19. Qg3 Bc2 20. Rd2 Bh7 21. f4 Nd7 22. Rde2 Qf5 23. Qf3 Nf6 24. Bf2 Rxe2 25. Bxe2 Re8 26. Rd1 Qc2 27. Rd2 Qb1+ 28. Bf1 Be4 29. Qd1 Qxd1 30. Rxd1 Nxd5 31. g3 Nc7 32. Nd2 Bc6 33. Bg2 Bxg2 34. Kxg2 f5 35. Kf3 Kf7 36. Nf1 g6 37. Ne3 h5 38. h3 Re4 39. g4 Ne6 40. Bg3 hxg4+ 41. hxg4 Ra4 42. gxf5 Ng7 43. fxg6+ Kxg6 44. a3 Nf5 45. Nxf5 Kxf5 46. Re1 Bg7 47. Re3 b4 48. axb4 cxb4 49. b3 bxc3 50. bxa4 c2 51. Re1 Bb2 52. Bf2 c1Q 53. Rxc1 Bxc1 54. Be3 Bb2 55. Bb6 d5 56. Ke3 Ke6 57. Kd3 Ba3 58. Bc7 Bc5 59. Kc3 Kf5 60. Kd3 Bf2 61. Be5 Ke6 62. Bd4 Bh4 63. Be5 Bd8 1/2-1/2

[Event "Moscow CC Mephi 1st League"]
[Site "Moscow"]
[Date "2009.02.24"]
[Round "11"]
[White "Zharov, Dmitry"]
[Black "Mosionzhik, Ilya Samoilovich"]
[Result "1/2-1/2"]
[WhiteElo "2343"]
[BlackElo "2162"]
[PlyCount "44"]
[EventDate "2009.02.16"]
[EventType "tourn"]
[EventRounds "15"]
[EventCountry "RUS"]
[EventCategory "1"]
[SourceTitle "CBM 129 Extra"]
[Source "ChessBase"]
[SourceDate "2009.05.05"]
[SourceVersion "2"]
[SourceVersionDate "2009.05.20"]
[SourceQuality "1"]

1. d4 d5 2. c4 c6 3. cxd5 cxd5 4. Nc3 Nf6 5. Bf4 Nc6 6. e3 a6 7. Bd3 Bg4 8. Nge2 e6 9. 0-0 Bd6 10. Bxd6 Qxd6 11. h3 Bh5 12. a3 Bg6 13. Na4 Nd7 14. b4 a5 15. Nc5 axb4 16. axb4 0-0 17. Bb5 Qc7 18. Nf4 Nf6 19. Nxg6 hxg6 20. Qd2 Rxa1 21. Rxa1 Rc8 22. Qb2 b6 1/2-1/2

[Event "Moscow CC Mephi 1st League"]
[Site "Moscow"]
[Date "2009.02.19"]
[Round "4"]
[White "Kuzovkin, Alexander Vasilievi"]
[Black "Mosionzhik, Ilya Samoilovich"]
[Result "1-0"]
[WhiteElo "2357"]
[BlackElo "2162"]
[PlyCount "73"]
[EventDate "2009.02.16"]
[EventType "tourn"]
[EventRounds "15"]
[EventCountry "RUS"]
[EventCategory "1"]
[SourceTitle "CBM 129 Extra"]
[Source "ChessBase"]
[SourceDate "2009.05.05"]
[SourceVersion "2"]
[SourceVersionDate "2009.05.20"]
[SourceQuality "1"]

1. c4 Nf6 2. d4 e5 3. dxe5 Ng4 4. Bf4 Nc6 5. Nf3 Bb4+ 6. Nc3 Qe7 7. Qb3 Na5 8. Qc2 Nxc4 9. a3 Ba5 10. e3 Ncxe5 11. b4 Bb6 12. Nd5 Qe6 13. Nxe5 Nxe5 14. Nxc7+ Bxc7 15. Qxc7 Nc6 16. Be2 0-0 17. Qd6 Re8 18. 0-0 a5 19. b5 Ne7 20. Rfd1 Ng6 21. Bg3 Ne7 22. h3 Nf5 23. Qxe6 fxe6 24. Be5 Nh6 25. Rac1 Nf7 26. Bg3 d5 27. Rc7 Kf8 28. Rdc1 e5 29. b6 Rb8 30. R1c5 Be6 31. Rxa5 Red8 32. Ra7 d4 33. exd4 exd4 34. Rcxb7 d3 35. Rxb8 Rxb8 36. Bxd3 Rxb6 37. Bxh7 1-0

[Event "Moscow op-B"]
[Site "Moscow"]
[Date "2009.02.03"]
[Round "4"]
[White "Muromtsev, Arthur"]
[Black "Mosionzhik, Ilya Samoilovich"]
[Result "1-0"]
[WhiteElo "2259"]
[BlackElo "2162"]
[PlyCount "73"]
[EventDate "2009.01.31"]
[EventType "swiss"]
[EventRounds "9"]
[EventCountry "RUS"]
[SourceTitle "EXT 2012"]
[Source "ChessBase"]
[SourceDate "2011.11.24"]
[SourceVersion "1"]
[SourceVersionDate "2011.11.24"]
[SourceQuality "1"]

1. e4 e5 2. Nf3 d6 3. Bc4 Be6 4. Bxe6 fxe6 5. d4 Nc6 6. Nc3 exd4 7. Nxd4 Qf6 8. Nxc6 bxc6 9. 0-0 g6 10. f4 Bg7 11. e5 Qe7 12. Qf3 d5 13. Na4 Qb4 14. b3 Nh6 15. Be3 Bf8 16. c4 Nf5 17. Bf2 Be7 18. Rac1 Qd2 19. cxd5 cxd5 20. Rxc7 Bd8 21. Rb7 0-0 22. Rd1 Qxa2 23. Nc5 Bb6 24. Nxe6 Nh4 25. Qg3 Nf5 26. Qf3 Nh4 27. Qxd5 Qxf2+ 28. Kh1 Kh8 29. Ng5 Qxg2+ 30. Qxg2 Nxg2 31. Rdd7 Rfe8 32. Rxh7+ Kg8 33. Kxg2 Bd8 34. Ne4 g5 35. Nd6 Re6 36. Rbg7+ Kf8 37. Nf5 1-0

[Event "RUS-ch Seniors"]
[Site "Odintsovo"]
[Date "2008.10.06"]
[Round "4"]
[White "Mosionzhik, Ilya Samoilovich"]
[Black "Masich, Vladimir"]
[Result "1/2-1/2"]
[WhiteElo "2191"]
[BlackElo "2057"]
[PlyCount "125"]
[EventDate "2008.10.02"]
[EventType "swiss"]
[EventRounds "9"]
[EventCountry "RUS"]
[SourceTitle "CBM 127 Extra"]
[Source "ChessBase"]
[SourceDate "2009.01.08"]
[SourceVersion "2"]
[SourceVersionDate "2009.01.28"]
[SourceQuality "1"]

1. e4 c5 2. Nf3 e6 3. c3 Nc6 4. d4 d5 5. e5 Qb6 6. Be2 cxd4 7. cxd4 Nge7 8. Nc3 Nf5 9. Bb5 Bd7 10. Bxc6 Bxc6 11. 0-0 Be7 12. a3 g6 13. b4 Qa6 14. Bg5 Bxg5 15. Nxg5 Qc4 16. Ne2 Bb5 17. Re1 Qd3 18. Qxd3 Bxd3 19. Nf4 Bc4 20. Nf3 g5 21. Nh5 Ke7 22. g4 Nh4 23. Nxh4 gxh4 24. Nf6 a5 25. Kg2 Ra7 26. Reb1 b5 27. a4 Bd3 28. Rb2 axb4 29. Rxb4 Rha8 30. Rd1 Bc2 31. Rc1 Bxa4 32. Kh3 Kd8 33. Kxh4 Rc7 34. Rxc7 Kxc7 35. Kg5 Kc6 36. h4 Bc2 37. Kf4 Ra4 38. Rb2 Rxd4+ 39. Ke3 Rc4 40. Kd2 Ba4 41. f3 b4 42. Nxh7 Kc5 43. Ng5 Rc3 44. h5 Kc4 45. h6 Rd3+ 46. Ke1 Rd1+ 47. Kf2 Rh1 48. h7 Kc3 49. Kg3 Rxh7 50. Rxb4 Kxb4 51. Nxh7 d4 52. Ng5 Bc6 53. Kf2 Kc3 54. Nh3 d3 55. Ke3 Kc2 56. Nf2 d2 57. f4 Bd7 58. Ke4 d1Q 59. Nxd1 Kxd1 60. f5 Ke2 61. Kf4 Kd3 62. Kg5 Kd4 63. Kf6 1/2-1/2

[Event "RUS-ch Seniors"]
[Site "Odintsovo"]
[Date "2008.10.02"]
[Round "1"]
[White "Mosionzhik, Ilya Samoilovich"]
[Black "Petrushin, Alexander I"]
[Result "0-1"]
[WhiteElo "2191"]
[BlackElo "2450"]
[PlyCount "68"]
[EventDate "2008.10.02"]
[EventType "swiss"]
[EventRounds "9"]
[EventCountry "RUS"]
[SourceTitle "CBM 127 Extra"]
[Source "ChessBase"]
[SourceDate "2009.01.08"]
[SourceVersion "2"]
[SourceVersionDate "2009.01.28"]
[SourceQuality "1"]

1. e4 c5 2. Nf3 d6 3. d4 cxd4 4. Nxd4 Nf6 5. Nc3 a6 6. Bd3 Nc6 7. Nxc6 bxc6 8. 0-0 g6 9. Bg5 Bg7 10. Qd2 h6 11. Be3 Ng4 12. Bf4 e5 13. Bg3 h5 14. f3 h4 15. Be1 Bh6 16. Qe2 Nf6 17. Bf2 Nh5 18. Be3 Ng3 19. hxg3 hxg3 20. Rfe1 Qh4 21. Kf1 Qh1+ 22. Bg1 Bf4 23. Nd1 Rh2 24. c3 Bh3 25. gxh3 Rxe2 26. Kxe2 Qg2+ 27. Bf2 gxf2 28. Rf1 Ke7 29. Rxf2 Qxh3 30. Ne3 a5 31. b3 Rh8 32. Rg1 Bxe3 33. Kxe3 Qh6+ 34. Ke2 Qf4 0-1

[Event "Wch Seniors 12th"]
[Site "Naumburg"]
[Date "2002.10.28"]
[Round "6"]
[White "Mosionzhik, Ilya Samoilovich"]
[Black "Keze, Arnis"]
[Result "1-0"]
[WhiteElo "2253"]
[BlackElo "2046"]
[PlyCount "31"]
[EventDate "2002.10.21"]
[EventType "swiss"]
[EventRounds "11"]
[EventCountry "GER"]
[SourceTitle "EXT 2006"]
[Source "ChessBase"]
[SourceDate "2005.11.24"]
[SourceVersion "1"]
[SourceVersionDate "2005.11.24"]
[SourceQuality "1"]

1. e4 c5 2. Nf3 Nc6 3. Bb5 e6 4. Bxc6 dxc6 5. d3 Qc7 6. e5 Ne7 7. 0-0 Ng6 8. Qe2 Be7 9. b3 b5 10. Bb2 Bb7 11. Nbd2 a5 12. a4 b4 13. Ne4 Rd8 14. Nfd2 Ba6 15. f4 Rd4 16. Rf2 1-0

[Event "Serpukhov-C"]
[Site "Serpukhov"]
[Date "2002.??.??"]
[Round "9"]
[White "Mosionzhik, Ilya Samoilovich"]
[Black "Yerofeev, Sergey"]
[Result "0-1"]
[WhiteElo "2248"]
[BlackElo "2369"]
[PlyCount "32"]
[EventDate "2002.??.??"]
[EventType "tourn"]
[EventRounds "11"]
[EventCountry "RUS"]
[SourceTitle "EXT 2003"]
[Source "ChessBase"]
[SourceDate "2002.11.25"]
[SourceVersion "1"]
[SourceVersionDate "2002.11.25"]
[SourceQuality "1"]

1. d4 g6 2. Nf3 Bg7 3. Nc3 c5 4. e3 cxd4 5. exd4 d5 6. Bd3 Bg4 7. Be3 Nc6 8. 0-0 e6 9. Be2 Nge7 10. a3 Nf5 11. h3 Nxe3 12. fxe3 Bxf3 13. Bxf3 Qb6 14. Rb1 Bh6 15. Qd2 Nxd4 16. Qxd4 Bxe3+ 0-1

[Event "Wch Seniors 10th"]
[Site "Rowy"]
[Date "2000.09.21"]
[Round "9"]
[White "Mosionzhik, Ilya Samoilovich"]
[Black "Borchardt, Adam"]
[Result "1-0"]
[WhiteElo "2267"]
[BlackElo "2009"]
[PlyCount "141"]
[EventDate "2000.09.11"]
[EventType "swiss"]
[EventRounds "11"]
[EventCountry "POL"]
[SourceTitle "CBM 078 Extra"]
[Source "ChessBase"]
[SourceDate "2000.11.10"]
[SourceVersion "1"]
[SourceVersionDate "2000.11.10"]
[SourceQuality "1"]

1. e4 c5 2. Nf3 Nc6 3. d4 cxd4 4. Nxd4 Nf6 5. Nc3 d6 6. Bc4 e6 7. 0-0 a6 8. Bb3 Be7 9. Be3 Qc7 10. f4 b5 11. e5 Nxd4 12. Bxd4 Nd7 13. exd6 Bxd6 14. Ne4 Bf8 15. Qh5 Qc6 16. Rae1 Bb7 17. Bxe6 0-0-0 18. Qxf7 Kb8 19. Bxd7 Rxd7 20. Qe8+ Kc7 21. Qe5+ Bd6 22. Qg5 h6 23. Qg3 Kc8 24. c3 Rf8 25. Rf2 Rdf7 26. Qg4+ Rd7 27. h3 Rff7 28. a3 Kd8 29. Ree2 Rde7 30. Nxd6 Qxd6 31. f5 Bc8 32. Rxe7 Rxe7 33. Bxg7 Re1+ 34. Rf1 Rxf1+ 35. Kxf1 Qd3+ 36. Kg1 Bxf5 37. Qh4+ Kc8 38. Qxh6 Bg6 39. Bd4 a5 40. Qf8+ Kd7 41. Qc5 a4 42. Qd5+ Ke8 43. Qe6+ Kf8 44. Qf6+ Ke8 45. Bc5 Qe4 46. Qf8+ Kd7 47. Qd6+ Ke8 48. Qb8+ Kf7 49. Qxb5 Bf5 50. Bd4 Qc2 51. Qb7+ Ke6 52. Qc6+ Ke7 53. Qf6+ Kd7 54. Kh2 Be4 55. Qf2 Qb3 56. Bc5 Kc6 57. Qf6+ Kb5 58. Qb6+ Kc4 59. Qxb3+ Kxb3 60. g4 Kxb2 61. Bb4 Kb3 62. Kg3 Kc4 63. Kf4 Kd5 64. c4+ Kd4 65. h4 Bd3 66. c5 Kd5 67. h5 Ke6 68. c6 Bb5 69. c7 Bd7 70. g5 Kf7 71. g6+ 1-0

[Event "Wch Seniors 09th"]
[Site "Gladenbach"]
[Date "1999.11.14"]
[Round "6"]
[White "Bere Filho, Romulo Fernando"]
[Black "Mosionzhik, Ilya Samoilovich"]
[Result "0-1"]
[WhiteElo "2126"]
[BlackElo "2256"]
[PlyCount "58"]
[EventDate "1999.11.07"]
[EventType "swiss"]
[EventRounds "11"]
[EventCountry "GER"]
[SourceTitle "EXT 2001"]
[Source "ChessBase"]
[SourceDate "2000.11.22"]
[SourceVersion "1"]
[SourceVersionDate "2000.11.22"]
[SourceQuality "1"]

1. Nf3 d5 2. d4 Nf6 3. c4 c6 4. Nc3 g6 5. Bg5 Bg7 6. e3 h6 7. Bh4 Nbd7 8. Qb3 dxc4 9. Bxc4 0-0 10. 0-0 g5 11. Bg3 Nh5 12. Ne5 Nxe5 13. Bxe5 Bxe5 14. dxe5 Qb6 15. Qc2 Ng7 16. Bb3 Bf5 17. Qe2 Qc5 18. f4 gxf4 19. Rxf4 Qxe5 20. Raf1 Rad8 21. R1f3 e6 22. Qf2 Bg6 23. g4 Rd7 24. h4 h5 25. g5 Rfd8 26. e4 b6 27. Rf6 Rd2 28. Qg3 Qxg3+ 29. Rxg3 Rxb2 0-1